000 00794nam a2200277Ia 4500
003 OSt
005 20221006160331.0
006 a|||||r|||| 00| 0
007 ta
008 221006b |||||||| |||| 00| 0 eng d
020 _a9788192682570
024 _a44,986
037 _bGift,
_cTextual
040 _aEASL
_cEASL
_beng
041 _2eng
_aeng
082 _aV41:19.P1, Q3
100 _aKapur Ashok
245 0 _aChina's changing approach to strategy and negotiations
_b Past and present
260 _aNew Delhi
_bIndian Council of World Affairs India
_c2013
300 _a54p.
_ccm.
490 _v CEL
650 _a CEL
650 _aForeign relations - China
_9644070
942 _hV41:19.P1, Q3
_cTEXL
_2CC
999 _c1113078
_d1113078